| 000 | 00891nam a2200253 i 4500 | ||
|---|---|---|---|
| 001 | 34943 | ||
| 003 | ES-MaACL | ||
| 005 | 20230906155026.0 | ||
| 007 | t| | ||
| 008 | 030211s1945 ag ||||1| spa d | ||
| 080 | _a940.3/.4(093) | ||
| 100 | 1 |
_aBonsal, Stephen. _930297 |
|
| 245 | 1 | 0 |
_aAsunto inconcluso _b: (La paz de Versalles) / _cpor Stephen Bonsal ; introducción de Hugh Gibson ; [traducción de Manuel Barberá]. |
| 260 |
_aBuenos Aires : _bEmecé, _c[s.a.] ( _fCompañía Impresora Argentina, _g1945) |
||
| 300 |
_a433 p. ; _c20 cm. |
||
| 594 | _aTrad. de: Unfinished business. | ||
| 610 | 2 | 4 |
_aSociedad de Naciones. _96682 |
| 611 | 2 |
_aParis Peace Conference. _d1919-1920) _9155229 |
|
| 630 | 0 | 4 |
_aTratado de Versalles ( _d1919) _9155228 |
| 700 | 1 |
_aGibson, Hugh. _956665 |
|
| 700 | 1 |
_aBarberá, Manuel. _925419 |
|
| 740 | 3 | _aLa paz de Versalles. | |
| 852 |
_aES-MaACL _jD-5890 |
||
| 999 |
_c34943 _d34943 |
||